Quick Pick: Danube River Countries Quiz Stats

 Plays Quiz Updated Apr 18, 2020

     
Support Sporcle.
Go Orange.
Score 0/10 Timer 01:00
0 Plays Today
% Correct
Hungary
91.8%
Austria
87.8%
Germany
85.3%
Romania
77.8%
Slovakia
75.4%
Bulgaria
70.3%
Serbia
69%
Croatia
59.4%
Moldova
50.5%
Ukraine
42.8%

Today's Daily Dose

From the Vault

Continental Geography Match

by stephantop

These continents are always in competition with each other.
Remove Ads.
Support Sporcle.
Get the best of Sporcle when you Go Orange. This ad-free experience offers more features, more stats, and more fun while also helping to support Sporcle. Thank you for becoming a member.

Show Comments

Extras

Top Quizzes Today


Score Distribution

Your Account Isn't Verified!

In order to create a playlist on Sporcle, you need to verify the email address you used during registration. Go to your Sporcle Settings to finish the process.

Report this User

Report this user for behavior that violates our Community Guidelines.

Details: